Vrcholové řízení podniku s ohledem na využití výpočetní techniky.

Komplexné strategické plánovanie podniku. Stanovenie základných premís budúceho fungovania podniku a základnej podnikateľskej pozície podniku. Návrhy základných scenárov komplexných podnikateľských stratégií (ofenzívna, defenzívna a zostatková stratégia, dielčie podnikové stratégie, finančné ohodnot...

Descrizione completa

Salvato in:
Dettagli Bibliografici
Autore principale: Kotlasová, E.
Natura: Capitolo di libro
Lingua:ceco
Soggetti:
Tags: Aggiungi Tag
Nessun Tag, puoi essere il primo ad aggiungerne!!

MARC

LEADER 00000naa a2200000 4500
001 r010064
005 20220831090719.1
041 0 |a cze 
044 |a [CS] 
245 1 0 |a Vrcholové řízení podniku s ohledem na využití výpočetní techniky.  |c E. Kotlasová 
520 |a Komplexné strategické plánovanie podniku. Stanovenie základných premís budúceho fungovania podniku a základnej podnikateľskej pozície podniku. Návrhy základných scenárov komplexných podnikateľských stratégií (ofenzívna, defenzívna a zostatková stratégia, dielčie podnikové stratégie, finančné ohodnotenie strategických variánt..). Informačné zaistenie strategického systému. 
610 2 0 |a riadenie vrcholové 
610 2 0 |a riadenie podnikové 
610 2 0 |a využitie počítačov 
610 2 0 |a plánovanie podnikové 
610 2 0 |a stratégia podniková 
610 2 0 |a podnikanie 
100 1 |a Kotlasová, E.